[Event "31st Capablanca Memorial"]
[Site "Cienfuegos City CUB"]
[Date "1996.??.??"]
[Round "7"]
[White "Zapata Ramirez, Alonso"]
[Black "Rodriguez Cespedes, Amador"]
[Result "1/2-1/2"]
[WhiteElo "2505"]
[BlackElo "2485"]
[EventDate "1996.05.??"]
[PlyCount "97"]

1.e4 c5 2.Nf3 d6 3.d4 cxd4 4.Nxd4 Nf6 5.Nc3 Nc6 6.Be2 e5 7.Nb3 Be7 8.O-O 
O-O 9.Be3 Be6 10.Qd2 a5 11.Rfd1 a4 12.Nc1 Qa5 13.a3 Rfd8 14.N1a2 Rd7 15.
Bf3 Bd8 16.h3 h6 17.Nd5 Bxd5 18.exd5 Qxd2 19.Rxd2 Ne7 20.Bg4 Nxg4 21.hxg4 
Ba5 22.c3 f5 23.f3 fxg4 24.fxg4 Rc7 25.Kh2 Rc4 26.Kh3 Rf8 27.Nb4 Rf6 28.g5
Rf7 29.gxh6 Nf5 30.Bf2 Rf6 31.g3 Rxh6+ 32.Kg2 Rg6 33.Rh1 Rcg4 34.Rh3 Bd8 
35.Kh2 Re4 36.Nd3 Bg5 37.Rc2 Rg4 38.Re2 e4 39.Nb4 Bf6 40.Nc2 Be5 41.Ne3 
Nxg3 42.Nxg4 Nxe2+ 43.Nxe5 dxe5 44.Re3 Nf4 45.Bg3 Rb6 46.Rxe4 Rxb2+ 47.Kh1
Rb1+ 48.Kh2 Rb2+ 49.Kh1 1/2-1/2

[Event "31st Capablanca Memorial"]
[Site "Cienfuegos City CUB"]
[Date "1996.??.??"]
[Round "8"]
[White "Arencibia Rodriguez, Walter"]
[Black "Garcia Ilundain, David"]
[Result "0-1"]
[WhiteElo "2515"]
[BlackElo "2550"]
[EventDate "1996.05.??"]
[PlyCount "78"]

1.d4 Nf6 2.Nf3 e6 3.Bg5 h6 4.Bh4 d6 5.h3 Be7 6.Nbd2 b6 7.e4 Bb7 8.Bd3 O-O 
9.Bg3 c5 10.dxc5 bxc5 11.c3 d5 12.e5 Nfd7 13.O-O Nc6 14.Re1 c4 15.Bc2 a5 
16.Nh2 Nc5 17.Qh5 d4 18.Ndf3 d3 19.Bd1 a4 20.Bf4 Qe8 21.Qg4 f5 22.exf6 
Rxf6 23.Bg3 h5 24.Qxc4 Ba6 25.Qf4 Rxf4 26.Bxf4 Qg6 27.b4 axb3 28.axb3 Bb7 
29.Rxa8+ Bxa8 30.b4 Ne4 31.Bb3 Bd8 32.Nf1 Bb6 33.Be3 Bc7 34.Bd4 Nxd4 35.
cxd4 Bd5 36.Bxd5 exd5 37.Ne3 Qc6 38.Rd1 Qb5 39.Rc1 Bf4 0-1

[Event "31st Capablanca Memorial"]
[Site "Cienfuegos City CUB"]
[Date "1996.??.??"]
[Round "8"]
[White "Rodriguez Cespedes, Amador"]
[Black "Conquest, Stuart"]
[Result "1/2-1/2"]
[WhiteElo "2485"]
[BlackElo "2540"]
[EventDate "1996.05.??"]
[PlyCount "100"]

1.e4 e5 2.Nf3 d6 3.d4 exd4 4.Nxd4 Nf6 5.Nc3 Be7 6.Bf4 O-O 7.Qd2 c6 8.O-O-O
b5 9.f3 b4 10.Nce2 c5 11.Nf5 Bxf5 12.exf5 Nc6 13.g4 Qa5 14.Kb1 Ne5 15.Ng3 
Nfd7 16.Bxe5 Nxe5 17.f4 Nc6 18.g5 Nd4 19.Bc4 d5 20.Bxd5 Rad8 21.Qg2 Bd6 
22.f6 Qc7 23.g6 hxg6 24.Nh5 Kh7 25.fxg7 Rfe8 26.g8=Q+ Rxg8 27.Nf6+ Kg7 28.
Nxg8 Rxg8 29.h4 Bxf4 30.Rdf1 Rf8 31.Qg4 Bh6 32.Rhg1 Qd6 33.Bc4 f5 34.Qg2 
Re8 35.h5 g5 36.c3 bxc3 37.bxc3 Rb8+ 38.Ka1 g4 39.Rd1 Qg3 40.Bd3 Qe5 41.
Rb1 Rxb1+ 42.Kxb1 Ne6 43.Qb7+ Kf6 44.Qh7 Qb8+ 45.Kc2 Qh2+ 46.Kb3 c4+ 47.
Bxc4 Qb8+ 48.Kc2 Qh2+ 49.Kb3 Qb8+ 50.Kc2 Qh2+ 1/2-1/2

[Event "31st Capablanca Memorial"]
[Site "Cienfuegos City CUB"]
[Date "1996.??.??"]
[Round "8"]
[White "Wahls, Matthias"]
[Black "Becerra Rivero, Julio"]
[Result "1-0"]
[WhiteElo "2555"]
[BlackElo "2530"]
[EventDate "1996.05.??"]
[PlyCount "85"]

1.e4 c5 2.Nf3 Nc6 3.d4 cxd4 4.Nxd4 Nf6 5.Nc3 e5 6.Ndb5 d6 7.Bg5 a6 8.Na3 
b5 9.Nd5 Be7 10.Bxf6 Bxf6 11.c3 Ne7 12.Nxf6+ gxf6 13.Bd3 d5 14.Qe2 Bb7 15.
O-O-O Qc7 16.exd5 Nxd5 17.Be4 O-O-O 18.Qf3 Qc5 19.Nc2 Kc7 20.Bxd5 Rxd5 21.
Qxf6 Rhd8 22.Qxf7+ R5d7 23.Qf6 Bxg2 24.Rxd7+ Rxd7 25.Re1 Kb7 26.Rxe5 Qc7 
27.Nb4 Rd6 28.Qg5 Rg6 29.Qe3 Rg7 30.Nd3 Bc6 31.Nc5+ Ka8 32.b3 a5 33.h4 a4 
34.Rg5 Rxg5 35.hxg5 a3 36.b4 Qf7 37.Qd4 Qe8 38.Kd2 Bf3 39.Qd3 Bc6 40.Qxh7 
Qf8 41.Nd3 Qd6 42.Qh8+ Kb7 43.Qe5 1-0

[Event "31st Capablanca Memorial"]
[Site "Cienfuegos City CUB"]
[Date "1996.??.??"]
[Round "8"]
[White "Garcia, Gildardo"]
[Black "Zapata Ramirez, Alonso"]
[Result "1/2-1/2"]
[WhiteElo "2525"]
[BlackElo "2505"]
[EventDate "1996.05.??"]
[PlyCount "69"]

1.e4 c5 2.Nf3 e6 3.Nc3 a6 4.g3 b5 5.Bg2 Bb7 6.d3 d6 7.O-O Nc6 8.Re1 Qc7 9.
Bf4 Ne5 10.d4 cxd4 11.Qxd4 f6 12.Qd1 Nc4 13.Bc1 Kf7 14.Nd4 Re8 15.a3 g6 
16.f4 e5 17.Nde2 Ne7 18.b3 Nb6 19.Be3 Bg7 20.Qd2 Rd8 21.Kh1 Rhe8 22.Rac1 
f5 23.Rf1 Kg8 24.fxe5 dxe5 25.Qe1 Rf8 26.Qf2 Nbc8 27.Qg1 Bc6 28.exf5 gxf5 
29.Bxc6 Qxc6+ 30.Qg2 e4 31.Nd1 Ng6 32.Bg5 Rd7 33.Ne3 h6 34.Bf4 Nce7 35.h4 
1/2-1/2

[Event "31st Capablanca Memorial"]
[Site "Cienfuegos City CUB"]
[Date "1996.??.??"]
[Round "9"]
[White "Vera Gonzalez, Reynaldo"]
[Black "Morovic Fernandez, Ivan"]
[Result "1/2-1/2"]
[WhiteElo "2495"]
[BlackElo "2575"]
[EventDate "1996.05.??"]
[PlyCount "51"]

1.d4 Nf6 2.c4 e6 3.Nc3 Bb4 4.Qc2 O-O 5.a3 Bxc3+ 6.Qxc3 b6 7.Bg5 h6 8.Bh4 
Ba6 9.e3 d6 10.Bd3 Nbd7 11.Ne2 c5 12.b4 cxd4 13.exd4 Rc8 14.Qb3 e5 15.Rc1 
exd4 16.O-O Ne5 17.b5 Bb7 18.Nxd4 d5 19.Bb1 g5 20.Qg3 Ng6 21.Bxg6 gxh4 22.
Qxh4 fxg6 23.Ne6 Qe7 24.Qxh6 Qxe6 25.Qxg6+ Kh8 26.Qh6+ 1/2-1/2

[Event "31st Capablanca Memorial"]
[Site "Cienfuegos City CUB"]
[Date "1996.??.??"]
[Round "9"]
[White "Hernandez, Gilberto"]
[Black "Rodriguez Cespedes, Amador"]
[Result "1/2-1/2"]
[WhiteElo "2555"]
[BlackElo "2485"]
[EventDate "1996.05.??"]
[PlyCount "23"]

1.e4 c5 2.d3 Nc6 3.g3 d5 4.Nd2 Nf6 5.Bg2 g6 6.Ngf3 Bg7 7.O-O O-O 8.c3 b6 
9.Re1 a5 10.exd5 Nxd5 11.Nc4 Bb7 12.a4 1/2-1/2

[Event "31st Capablanca Memorial"]
[Site "Cienfuegos City CUB"]
[Date "1996.??.??"]
[Round "9"]
[White "Garcia Ilundain, David"]
[Black "Gonzalez Davila, Richard"]
[Result "1-0"]
[WhiteElo "2550"]
[BlackElo "2560"]
[EventDate "1996.05.??"]
[PlyCount "79"]

1.d4 d5 2.c4 c6 3.Nc3 Nf6 4.Nf3 dxc4 5.a4 Bf5 6.Ne5 e6 7.f3 Bb4 8.e4 Bxe4 
9.fxe4 Nxe4 10.Qf3 Qxd4 11.Qxf7+ Kd8 12.Bg5+ Kc8 13.Qxe6+ Nd7 14.Qxd7+ 
Qxd7 15.Nxd7 Nxg5 16.O-O-O Re8 17.Bxc4 Kc7 18.Rhf1 Rad8 19.h4 Ne4 20.Rf7 
Nxc3 21.bxc3 Ba3+ 22.Kc2 Re7 23.Ne5 Rxd1 24.Kxd1 Rxf7 25.Bxf7 Be7 26.Nf3 
b5 27.axb5 cxb5 28.Kc2 Kb6 29.Bg8 h6 30.h5 a5 31.Bf7 Bf6 32.Nd2 Be5 33.Be8
Kc5 34.Nb3+ Kb6 35.Nc1 b4 36.cxb4 axb4 37.Nd3 Bc3 38.Kb3 Ka5 39.Bd7 Bd2 
40.Ne5 1-0

[Event "31st Capablanca Memorial"]
[Site "Cienfuegos City CUB"]
[Date "1996.??.??"]
[Round "9"]
[White "Zapata Ramirez, Alonso"]
[Black "Wahls, Matthias"]
[Result "1/2-1/2"]
[WhiteElo "2505"]
[BlackElo "2555"]
[EventDate "1996.05.??"]
[PlyCount "121"]

1.e4 c5 2.Nf3 d6 3.d4 cxd4 4.Nxd4 Nf6 5.Nc3 a6 6.Bc4 e6 7.Bb3 b5 8.O-O Be7
9.Qf3 Qb6 10.Be3 Qb7 11.Qg3 b4 12.Na4 Nbd7 13.f3 O-O 14.Rfd1 Ne5 15.Nb6 
Nh5 16.Qh3 Nf4 17.Bxf4 Qxb6 18.Be3 Qc7 19.f4 Nc4 20.Bf2 Nxb2 21.Re1 e5 22.
Nf5 Bf6 23.Bh4 Qd8 24.Rab1 exf4 25.Bxf6 Qxf6 26.Qh4 Qc3 27.Ne7+ Kh8 28.
Bxf7 Qc5+ 29.Kh1 g5 30.Qh5 Bg4 31.Qxg4 Rxf7 32.Qe6 Qc4 33.Nd5 Raf8 34.Qxd6
Qd4 35.Qxb4 Qxb4 36.Nxb4 Nc4 37.Nd5 Ne3 38.Re2 Rc8 39.h4 gxh4 40.Kg1 Rxc2 
41.Rxc2 Nxc2 42.Rb6 Ne3 43.Nf6 a5 44.e5 Nc4 45.Rb8+ Kg7 46.Rg8+ Kh6 47.
Ng4+ Kh5 48.Kf2 a4 49.Kf3 Nd2+ 50.Ke2 Ne4 51.Kd3 Ng5 52.Nf6+ Kh6 53.Kd4 
Rb7 54.Ne4 Kh5 55.Nf6+ Kh6 56.Kd5 Rb5+ 57.Kc6 Rb2 58.Ng4+ Kh5 59.Nf6+ Kh6 
60.Ng4+ Kh5 61.Nf6+ 1/2-1/2

[Event "31st Capablanca Memorial"]
[Site "Cienfuegos City CUB"]
[Date "1996.??.??"]
[Round "10"]
[White "Zapata Ramirez, Alonso"]
[Black "Conquest, Stuart"]
[Result "1/2-1/2"]
[WhiteElo "2505"]
[BlackElo "2540"]
[EventDate "1996.05.??"]
[PlyCount "75"]

1.e4 c5 2.Nf3 e6 3.d4 cxd4 4.Nxd4 Nf6 5.Nc3 Nc6 6.Ndb5 d6 7.Bf4 e5 8.Bg5 
a6 9.Na3 b5 10.Bxf6 gxf6 11.Nd5 Bg7 12.g3 f5 13.Bg2 f4 14.c3 O-O 15.Nc2 
Kh8 16.Qd3 Bh6 17.a4 bxa4 18.Rxa4 a5 19.O-O Bd7 20.Raa1 f5 21.Rfd1 fxg3 
22.fxg3 f4 23.b4 fxg3 24.b5 gxh2+ 25.Kh1 Ne7 26.b6 Ng6 27.Rf1 Qg5 28.Nce3 
Nh4 29.Qe2 a4 30.Rxf8+ Rxf8 31.Rf1 Nxg2 32.Rxf8+ Bxf8 33.Qxg2 Qd8 34.b7 
Bc6 35.Nf6 Bg7 36.Nh5 Bf8 37.Nf6 Bg7 38.Nh5 1/2-1/2

[Event "31st Capablanca Memorial"]
[Site "Cienfuegos City CUB"]
[Date "1996.??.??"]
[Round "10"]
[White "Rodriguez Cespedes, Amador"]
[Black "Vera Gonzalez, Reynaldo"]
[Result "1/2-1/2"]
[WhiteElo "2485"]
[BlackElo "2495"]
[EventDate "1996.05.??"]
[PlyCount "31"]

1.Nf3 Nf6 2.g3 b6 3.Bg2 Bb7 4.O-O e6 5.b3 Be7 6.Bb2 O-O 7.c4 c5 8.e3 d5 9.
Nc3 dxc4 10.bxc4 Nc6 11.Qe2 Rc8 12.Rfd1 Qc7 13.Nh4 Rfd8 14.f4 Nb4 15.Bxb7 
Qxb7 16.d3 1/2-1/2

[Event "31st Capablanca Memorial"]
[Site "Cienfuegos City CUB"]
[Date "1996.??.??"]
[Round "10"]
[White "Morovic Fernandez, Ivan"]
[Black "Nogueiras Santiago, Jesus"]
[Result "1-0"]
[WhiteElo "2575"]
[BlackElo "2555"]
[EventDate "1996.05.??"]
[PlyCount "127"]

1.e4 e6 2.d4 d5 3.Nc3 dxe4 4.Nxe4 Nd7 5.Nf3 Ngf6 6.Bg5 Be7 7.Nxf6+ Bxf6 8.
h4 O-O 9.Qd2 e5 10.Bxf6 Qxf6 11.O-O-O exd4 12.Qxd4 Qxd4 13.Rxd4 Nf6 14.Bc4
a6 15.Re1 b5 16.Bd5 Rb8 17.Bc6 Bb7 18.Bxb7 Rxb7 19.Re7 Re8 20.Rxe8+ Nxe8 
21.Rd8 Kf8 22.Ne5 Rb6 23.Ra8 Ke7 24.Nd3 Nf6 25.Nc5 Kd6 26.Nxa6 b4 27.a3 
bxa3 28.bxa3 c5 29.a4 Nd7 30.Ra7 Ne5 31.Nc7 Rb4 32.Nb5+ Kc6 33.g3 Kb6 34.
Re7 Re4 35.Nd6 Re1+ 36.Kd2 Nf3+ 37.Kc3 Rxe7 38.Nc8+ Ka5 39.Nxe7 Kxa4 40.
Kc4 Nd2+ 41.Kxc5 Ne4+ 42.Kd5 Nxf2 43.c4 g6 44.c5 Kb5 45.Nc8 f5 46.c6 Ka6 
47.Kd6 Ne4+ 48.Kc7 Nc5 49.Ne7 Kb5 50.h5 f4 51.gxf4 gxh5 52.Nf5 Na6+ 53.Kd6
Kb6 54.Nh4 Nc5 55.f5 Ne4+ 56.Ke5 Nf2 57.Kd5 Ng4 58.Kd6 Nf6 59.Nf3 Ne4+ 60.
Ke5 Nf2 61.Kd5 Kc7 62.f6 Nd3 63.Nh4 Nb4+ 64.Ke4 1-0

[Event "31st Capablanca Memorial"]
[Site "Cienfuegos City CUB"]
[Date "1996.??.??"]
[Round "10"]
[White "Wahls, Matthias"]
[Black "Arencibia Rodriguez, Walter"]
[Result "0-1"]
[WhiteElo "2555"]
[BlackElo "2515"]
[EventDate "1996.05.??"]
[PlyCount "72"]

1.e4 e5 2.Nf3 Nc6 3.Bb5 a6 4.Ba4 d6 5.Bxc6+ bxc6 6.d4 Nf6 7.Nc3 Nd7 8.O-O 
Be7 9.b3 O-O 10.Ba3 Bf6 11.Qd2 Re8 12.Rad1 Bb7 13.dxe5 Nxe5 14.Nd4 Ng6 15.
f3 Be5 16.Nf5 Nf4 17.Na4 Bc8 18.Ne3 d5 19.Nc4 Bd4+ 20.Kh1 Ne6 21.Na5 Bd7 
22.f4 Qh4 23.e5 c5 24.Nb2 Bb5 25.c4 Bxb2 26.Qxb2 dxc4 27.bxc4 Ba4 28.Rde1 
Rad8 29.f5 Nd4 30.Bxc5 Nxf5 31.Kg1 Qg5 32.Rf2 Nh4 33.Kf1 Ng6 34.Qc1 Qxc1 
35.Rxc1 Nxe5 36.Re2 Nd3 0-1

[Event "31st Capablanca Memorial"]
[Site "Cienfuegos City CUB"]
[Date "1996.??.??"]
[Round "11"]
[White "Nogueiras Santiago, Jesus"]
[Black "Rodriguez Cespedes, Amador"]
[Result "1/2-1/2"]
[WhiteElo "2555"]
[BlackElo "2485"]
[EventDate "1996.05.??"]
[PlyCount "23"]

1.d4 Nf6 2.Nf3 g6 3.g3 Bg7 4.Bg2 O-O 5.O-O d5 6.Bf4 Bf5 7.Ne5 c6 8.Nd2 
Nbd7 9.c3 Nxe5 10.Bxe5 Qd7 11.Bxf6 Bxf6 12.e3 1/2-1/2

[Event "31st Capablanca Memorial"]
[Site "Cienfuegos City CUB"]
[Date "1996.??.??"]
[Round "11"]
[White "Garcia Ilundain, David"]
[Black "Morovic Fernandez, Ivan"]
[Result "1/2-1/2"]
[WhiteElo "2550"]
[BlackElo "2575"]
[EventDate "1996.05.??"]
[PlyCount "27"]

1.d4 Nf6 2.c4 e6 3.Nf3 d5 4.Nc3 c5 5.cxd5 cxd4 6.Qxd4 Nxd5 7.e4 Nxc3 8.
Qxc3 Nc6 9.Bb5 Bd7 10.O-O Qb6 11.Ba4 Qb4 12.Qc2 Qc5 13.Qb3 Qb6 14.Qc3 
1/2-1/2

[Event "31st Capablanca Memorial"]
[Site "Cienfuegos City CUB"]
[Date "1996.??.??"]
[Round "11"]
[White "Arencibia Rodriguez, Walter"]
[Black "Gonzalez Davila, Richard"]
[Result "1-0"]
[WhiteElo "2515"]
[BlackElo "2560"]
[EventDate "1996.05.??"]
[PlyCount "59"]

1.d4 d5 2.c4 c6 3.Nc3 Nf6 4.Nf3 dxc4 5.a4 Bf5 6.Ne5 e6 7.f3 Bb4 8.Nxc4 c5 
9.dxc5 Qxd1+ 10.Kxd1 Bxc5 11.e4 Bg6 12.Nb5 Kd8 13.Bg5 a6 14.Nc3 h6 15.Bh4 
Kc8 16.b4 Ba7 17.Rc1 Nbd7 18.e5 Ne8 19.Nb5 Kb8 20.Nxa7 Rxa7 21.Bf2 Ra8 22.
Nb6 Nxb6 23.Bxb6 f6 24.Bc4 fxe5 25.Bxe6 Nf6 26.Ke2 Re8 27.Rhd1 e4 28.Rc8+ 
Rxc8 29.Bxc8 exf3+ 30.gxf3 1-0

[Event "31st Capablanca Memorial"]
[Site "Cienfuegos City CUB"]
[Date "1996.??.??"]
[Round "11"]
[White "Vera Gonzalez, Reynaldo"]
[Black "Garcia, Gildardo"]
[Result "1/2-1/2"]
[WhiteElo "2495"]
[BlackElo "2525"]
[EventDate "1996.05.??"]
[PlyCount "33"]

1.d4 Nf6 2.c4 e6 3.Nc3 Bb4 4.Qc2 O-O 5.Nf3 b6 6.e4 d5 7.e5 Ne4 8.Bd3 Bb7 
9.O-O Bxc3 10.bxc3 c5 11.cxd5 exd5 12.dxc5 Nd7 13.c6 Bxc6 14.Nd4 Nxe5 15.
f3 Nf6 16.Ba3 Re8 17.f4 1/2-1/2

[Event "31st Capablanca Memorial"]
[Site "Cienfuegos City CUB"]
[Date "1996.??.??"]
[Round "12"]
[White "Conquest, Stuart"]
[Black "Hernandez, Gilberto"]
[Result "0-1"]
[WhiteElo "2540"]
[BlackElo "2555"]
[EventDate "1996.05.??"]
[PlyCount "100"]

1.d4 Nf6 2.c4 g6 3.Nc3 Bg7 4.e4 d6 5.Bd3 O-O 6.Nge2 e5 7.d5 Nh5 8.O-O f5 
9.exf5 Bxf5 10.Bxf5 gxf5 11.f4 Nd7 12.Qc2 a6 13.Bd2 Qh4 14.Rf3 e4 15.Rh3 
Qg4 16.Be3 Nc5 17.Rf1 Rf6 18.Ng3 Rh6 19.Qe2 Qxe2 20.Ngxe2 Nd3 21.b3 Rf8 
22.g3 Bxc3 23.Nxc3 Kg7 24.Ne2 Nf6 25.Rxh6 Kxh6 26.h3 Kg6 27.Nd4 h5 28.Kg2 
Rc8 29.Ne2 b5 30.Rb1 Rb8 31.Nc3 bxc4 32.bxc4 Rxb1 33.Nxb1 Nd7 34.Nd2 a5 
35.g4 hxg4 36.hxg4 Nb4 37.Nb3 fxg4 38.Nxa5 Nxa2 39.Nc6 Nc3 40.Kg3 Nd1 41.
Bc1 Nb6 42.Kxg4 Nf2+ 43.Kg3 Nd3 44.Be3 Nxc4 45.Ba7 e3 46.Kf3 e2 47.Kxe2 
Nxf4+ 48.Kf3 Nxd5 49.Ke4 Ncb6 50.Nd4 Nb4 0-1

[Event "31st Capablanca Memorial"]
[Site "Cienfuegos City CUB"]
[Date "1996.??.??"]
[Round "12"]
[White "Garcia, Gildardo"]
[Black "Nogueiras Santiago, Jesus"]
[Result "1/2-1/2"]
[WhiteElo "2525"]
[BlackElo "2555"]
[EventDate "1996.05.??"]
[PlyCount "57"]

1.e4 Nf6 2.Nc3 d5 3.exd5 Nxd5 4.Bc4 Nb6 5.Bb3 Nc6 6.Qf3 e6 7.Nge2 Be7 8.d3
O-O 9.O-O Bd7 10.d4 Na5 11.Bf4 Bd6 12.Rfd1 Bc6 13.Qg3 Nxb3 14.axb3 Qf6 15.
Ra5 Rfd8 16.Be5 Bxe5 17.Rxe5 Rd7 18.Nf4 Rxd4 19.Nh5 Rxd1+ 20.Nxd1 Qh6 21.
Nxg7 Kh8 22.Nh5 f6 23.Qe3 Qg6 24.Nf4 Qxc2 25.Qd4 fxe5 26.Qxe5+ Kg8 27.
Qxe6+ Kf8 28.Qf6+ Ke8 29.Qe6+ 1/2-1/2

[Event "31st Capablanca Memorial"]
[Site "Cienfuegos City CUB"]
[Date "1996.??.??"]
[Round "12"]
[White "Wahls, Matthias"]
[Black "Gonzalez Davila, Richard"]
[Result "1-0"]
[WhiteElo "2555"]
[BlackElo "2560"]
[EventDate "1996.05.??"]
[PlyCount "77"]

1.e4 c5 2.Nf3 Nc6 3.d4 cxd4 4.Nxd4 e5 5.Nb5 d6 6.N1c3 a6 7.Na3 b5 8.Nd5 
Nce7 9.c4 Nxd5 10.cxd5 Rb8 11.Bd3 Be7 12.Nc2 a5 13.O-O Nf6 14.Bd2 Bd7 15.
Qe1 Ra8 16.Qe2 Qb6 17.b3 O-O 18.a4 Rfb8 19.Na3 bxa4 20.bxa4 Bg4 21.Qe3 
Qxe3 22.Bxe3 Rb3 23.Bc4 Rb2 24.f3 Bd7 25.Bb5 Rc8 26.Bxd7 Nxd7 27.Rfc1 
Rxc1+ 28.Rxc1 Ra2 29.Nb5 Bf8 30.Rc7 Nf6 31.Rc4 Nd7 32.g4 h6 33.g5 Re2 34.
Ba7 Rd2 35.Rc8 g6 36.Nxd6 Kg7 37.Ne8+ Kg8 38.Nf6+ Nxf6 39.gxf6 1-0

[Event "31st Capablanca Memorial"]
[Site "Cienfuegos City CUB"]
[Date "1996.??.??"]
[Round "12"]
[White "Rodriguez Cespedes, Amador"]
[Black "Garcia Ilundain, David"]
[Result "1/2-1/2"]
[WhiteElo "2485"]
[BlackElo "2550"]
[EventDate "1996.05.??"]
[PlyCount "40"]

1.Nf3 Nf6 2.g3 b5 3.Bg2 Bb7 4.O-O e6 5.b3 Be7 6.Bb2 O-O 7.d3 b4 8.a3 a5 9.
axb4 axb4 10.Rxa8 Bxa8 11.Nbd2 Nc6 12.e4 d5 13.Qe2 Bb7 14.Re1 h6 15.h4 Ba6
16.exd5 Nxd5 17.Nc4 Bf6 18.Bxf6 Nxf6 19.Nce5 Nxe5 20.Nxe5 Bb5 1/2-1/2

[Event "31st Capablanca Memorial"]
[Site "Cienfuegos City CUB"]
[Date "1996.??.??"]
[Round "12"]
[White "Zapata Ramirez, Alonso"]
[Black "Vera Gonzalez, Reynaldo"]
[Result "1/2-1/2"]
[WhiteElo "2505"]
[BlackElo "2495"]
[EventDate "1996.05.??"]
[PlyCount "100"]

1.e4 c5 2.Nf3 d6 3.d4 cxd4 4.Nxd4 Nf6 5.Nc3 Nc6 6.Bc4 Qb6 7.Nb3 e6 8.O-O 
a6 9.a4 Qc7 10.a5 Bd7 11.Be2 Rc8 12.Be3 Nb4 13.f4 Be7 14.Bf3 O-O 15.g4 Bc6
16.g5 Nd7 17.Nd4 Rfe8 18.Qd2 d5 19.e5 Nc5 20.Nce2 Ne4 21.Qd1 Bd7 22.c3 Nc6
23.Nxc6 Bxc6 24.Nd4 Bc5 25.Bg2 b6 26.Rf3 bxa5 27.Rh3 g6 28.Qg4 h5 29.gxh6 
Kh7 30.Bxe4 dxe4 31.Qh4 Be7 32.Qf2 Bd5 33.Rd1 Rg8 34.Bc1 a4 35.Nc2 Bb3 36.
Re1 Qb7 37.Qg2 Bxc2 38.Qxc2 Rc4 39.Kf1 Rd8 40.Rhe3 Rd3 41.Rxe4 Rxe4 42.
Qxd3 Rxe1+ 43.Kxe1 Qh1+ 44.Kd2 Qxh2+ 45.Kd1 Qh1+ 46.Kc2 Qc6 47.Qd4 Bc5 48.
Qd8 Qe4+ 49.Qd3 Qb7 50.Qd8 Qe4+ 1/2-1/2

[Event "31st Capablanca Memorial"]
[Site "Cienfuegos City CUB"]
[Date "1996.??.??"]
[Round "13"]
[White "Garcia Ilundain, David"]
[Black "Garcia, Gildardo"]
[Result "1-0"]
[WhiteElo "2550"]
[BlackElo "2525"]
[EventDate "1996.05.??"]
[PlyCount "69"]

1.d4 Nf6 2.Nf3 e6 3.c4 Bb4+ 4.Bd2 Qe7 5.g3 Nc6 6.Bg2 Bxd2+ 7.Nbxd2 d6 8.
Nf1 O-O 9.Ne3 e5 10.O-O Re8 11.Rc1 exd4 12.Nxd4 Bd7 13.Nb5 Rac8 14.a3 Qe5 
15.Nd5 Qxb2 16.Nbxc7 Nxd5 17.Nxe8 Nc3 18.Rxc3 Qxc3 19.Nxd6 Rb8 20.Nxf7 Be8
21.Nd6 Qxa3 22.Qd5+ Kh8 23.Rb1 Qa2 24.Re1 Qb2 25.Be4 Qf6 26.Bxh7 Kxh7 27.
Nxe8 Qg6 28.Nd6 Nb4 29.Qc5 a5 30.Rd1 b6 31.Qb5 Na2 32.Qe5 a4 33.Rd4 Nb4 
34.Rh4+ Kg8 35.Nf5 1-0

[Event "31st Capablanca Memorial"]
[Site "Cienfuegos City CUB"]
[Date "1996.??.??"]
[Round "13"]
[White "Hernandez, Gilberto"]
[Black "Wahls, Matthias"]
[Result "1/2-1/2"]
[WhiteElo "2555"]
[BlackElo "2555"]
[EventDate "1996.05.??"]
[PlyCount "62"]

1.e4 c5 2.d3 Nc6 3.g3 g6 4.Bg2 Bg7 5.f4 d6 6.c3 e5 7.Nh3 Nge7 8.O-O exf4 
9.Nxf4 b5 10.a3 a5 11.Be3 O-O 12.Kh1 Ne5 13.Bg1 Bb7 14.Qe2 b4 15.axb4 axb4
16.Nd2 Rxa1 17.Rxa1 N5c6 18.Rc1 Ba6 19.Nf3 Qa5 20.Qc2 Rc8 21.Bh3 Rb8 22.d4
Bc8 23.Bxc8 Rxc8 24.dxc5 dxc5 25.Nd5 Re8 26.Qd2 bxc3 27.bxc3 Ne5 28.Nxe5 
Bxe5 29.Nxe7+ Rxe7 30.Qd5 Bxc3 31.Qxc5 Qxc5 1/2-1/2

[Event "31st Capablanca Memorial"]
[Site "Cienfuegos City CUB"]
[Date "1996.??.??"]
[Round "13"]
[White "Arencibia Rodriguez, Walter"]
[Black "Morovic Fernandez, Ivan"]
[Result "1/2-1/2"]
[WhiteElo "2515"]
[BlackElo "2575"]
[EventDate "1996.05.??"]
[PlyCount "123"]

1.d4 Nf6 2.c4 e6 3.Nf3 d5 4.Nc3 c5 5.cxd5 cxd4 6.Nxd4 Nxd5 7.Bd2 Bc5 8.Nb3
Bb6 9.e4 Nxc3 10.Bxc3 O-O 11.Qf3 Nc6 12.Rd1 Qe7 13.Qg3 e5 14.Bc4 Re8 15.
O-O Be6 16.Bd5 f6 17.Rd2 Qf7 18.Rfd1 Rad8 19.h3 Bxd5 20.exd5 Ne7 21.d6 Nc6
22.Qh4 Rd7 23.Qa4 Red8 24.Qb5 Qe6 25.Bb4 Nxb4 26.Qxb4 Rc8 27.Rd5 Rc6 28.
R1d2 Bd4 29.Rb5 Rc4 30.Qa3 a6 31.Rc5 Bxc5 32.Nxc5 Rc1+ 33.Kh2 Qc4 34.Nxd7 
Qf4+ 35.Qg3 Qxd2 36.Nxf6+ Kf7 37.Nh5 Ke6 38.Qxg7 Kxd6 39.Qxb7 Qxf2 40.
Qxa6+ Rc6 41.Qd3+ Kc5 42.Qxh7 Qxb2 43.Qe7+ Kc4 44.a4 Qd4 45.Qe8 Rc5 46.Ng3
Kb4 47.Qa8 Ra5 48.Qb7+ Kxa4 49.Ne2 Qc4 50.Qd7+ Ka3 51.Qd6+ Rc5 52.Kg3 Kb4 
53.Kf3 Kb5 54.Qd7+ Ka6 55.Qd6+ Kb5 56.Qd7+ Ka6 57.Qd6+ Ka5 58.Qd8+ Rc7 59.
Ke3 Qc5+ 60.Ke4 Ka6 61.Qd3+ Kb6 62.Qb3+ 1/2-1/2

[Event "31st Capablanca Memorial"]
[Site "Cienfuegos City CUB"]
[Date "1996.??.??"]
[Round "13"]
[White "Nogueiras Santiago, Jesus"]
[Black "Zapata Ramirez, Alonso"]
[Result "0-1"]
[WhiteElo "2555"]
[BlackElo "2505"]
[EventDate "1996.05.??"]
[PlyCount "98"]

1.Nf3 g6 2.d4 Bg7 3.c4 d6 4.Nc3 c5 5.e4 Nc6 6.Be3 Nf6 7.d5 Nb4 8.a3 Na6 9.
Be2 O-O 10.O-O e6 11.dxe6 Bxe6 12.h3 Re8 13.Qc2 Bd7 14.Rfe1 Bc6 15.Bd3 Nd7
16.Rad1 Nc7 17.Bf1 Ne5 18.Nxe5 Bxe5 19.Bxc5 Qf6 20.Be3 Bxc3 21.Qxc3 Qxc3 
22.bxc3 Rxe4 23.Rxd6 Re5 24.Red1 Ra5 25.Rd8+ Rxd8 26.Rxd8+ Kg7 27.Bd4+ f6 
28.c5 Ra4 29.Rb8 Rxa3 30.Bc4 Nd5 31.Rd8 Nf4 32.Rg8+ Kh6 33.Bxf6 Ra4 34.
Bg7+ Kg5 35.h4+ Kxh4 36.Bf1 Nxg2 37.Bf6+ Kh5 38.Bxg2 Rg4 39.Rh8 Kh6 40.Bd4
Bxg2 41.Kh2 Bc6 42.Kh3 Re4 43.Be3+ Kg7 44.Ra8 a6 45.Kg3 h5 46.Bd4+ Kf7 47.
f4 Re2 48.Rd8 a5 49.Be5 a4 0-1

[Event "31st Capablanca Memorial"]
[Site "Cienfuegos City CUB"]
[Date "1996.??.??"]
[Round "13"]
[White "Vera Gonzalez, Reynaldo"]
[Black "Conquest, Stuart"]
[Result "1/2-1/2"]
[WhiteElo "2495"]
[BlackElo "2540"]
[EventDate "1996.05.??"]
[PlyCount "122"]

1.d4 e6 2.Nf3 c5 3.c3 Nf6 4.e3 b6 5.Nbd2 Bb7 6.Bd3 g6 7.e4 cxd4 8.e5 dxc3 
9.bxc3 Nd5 10.Ne4 Na6 11.Bg5 Qc7 12.Bxa6 Bxa6 13.Qxd5 exd5 14.Nf6+ Kd8 15.
Nxd5+ Kc8 16.Nxc7 Kxc7 17.Bf6 Rg8 18.Ng5 Ba3 19.Kd2 d6 20.Nxf7 dxe5 21.
Bxe5+ Kb7 22.Bd4 Bc4 23.Ne5 Bd5 24.f3 Rac8 25.Rhe1 Rgd8 26.Re3 Bg8 27.Nd3 
Rc4 28.Bf6 Rd7 29.Re4 Bd6 30.h4 Bc7 31.Ke3 Rc6 32.Bd4 Bd5 33.Re8 Re6+ 34.
Rxe6 Bxe6 35.g4 a5 36.Ne5 Re7 37.Kf4 Bd5 38.a3 Bd6 39.g5 b5 40.a4 b4 41.
cxb4 axb4 42.Bb2 Bb3 43.Ke4 Ka6 44.f4 Ka5 45.Bd4 Rc7 46.h5 gxh5 47.f5 Rc2 
48.g6 hxg6 49.fxg6 Rg2 50.g7 h4 51.Nc6+ Ka6 52.Rh1 Rg4+ 53.Kf5 Rf4+ 54.Kg5
Re4 55.Rxh4 Rxh4 56.Kxh4 Bg8 57.Kg5 b3 58.Kf6 Ba3 59.Ne7 b2 60.Bxb2 Bxb2+ 
61.Kg6 Bb3 1/2-1/2